| 000 | 01051cam a2200277 4500 | ||
|---|---|---|---|
| 001 | WB3648-07 | ||
| 008 | 000000n2000 000 0 eng u | ||
| 035 | _a(Sirsi) u109739 | ||
| 245 | _aRetail is source of investors' woes | ||
| 260 | _c2000 | ||
| 490 |
_aEstates Gazette _v(0048) 2 December 2000, 38(1) |
||
| 520 | _aDiscusses, and details, the findings of the November IPF/Estates Gazette survey of investment intentions. This identified increasing pessimism among investors during the course of 2000, and a continuing trend to sell out of the retail property sector. Tables. | ||
| 590 | _aWB | ||
| 650 | _aABOUT RICS-RELATED ORGANISATIONS-INVESTMENT PROPERTY FORUM | ||
| 650 | _aESTATES GAZETTE | ||
| 650 | _aSURVEY | ||
| 650 | _aRETAIL PROPERTY | ||
| 650 | _aAVERAGE YIELDS | ||
| 650 | _aRENTAL GROWTH | ||
| 650 | _aCAPITAL GROWTH | ||
| 650 | _aFORECASTS | ||
| 650 | _aINVESTMENT MARKET | ||
| 650 | _aINVESTOR INTENTIONS | ||
| 690 | _aPROPERTY-COMMERCIAL PROPERTY-COMMERCIAL PROPERTY FINANCE AND INVESTMENT | ||
| 942 | _n0 | ||
| 999 |
_c65498 _d65498 |
||